Cesty za štěstím. Bhútán, Izrael, Island /
Kniha české cestovatelky zobrazuje nejen každodenní život ve třech zemích - v Bhútánu, Izraeli a Islandu.
Uloženo v:
| Série: | Cesty za štěstím,
část 1 |
|---|---|
| Hlavní autor: | |
| Médium: | E-kniha |
| Jazyk: | Czech |
| Vydáno: |
V Brně :
CPress,
2019
|
| Vydání: | 1. vydání |
| Témata: | |
| Příbuzné jednotky: | Z cyklu::
Cesty za štěstím |
| Tagy: |
Žádné tagy |
| LEADER | 03491nam a2200721 i 4500 | ||
|---|---|---|---|
| 001 | 311113 | ||
| 003 | CZ PrSKC | ||
| 005 | 20260601215659.0 | ||
| 007 | ta | ||
| 008 | 191121s2019 xr abc e 000 0 cze | ||
| 015 | |a cnb003160675 | ||
| 020 | |a 9788026428503 |q (vázáno) : |c Kč 349,00 | ||
| 035 | |a (OCoLC)1135594609 | ||
| 040 | |a ABA001 |b cze |e rda | ||
| 043 | |a a-bt--- |a a-is--- |a e-ic--- | ||
| 045 | |a y-y- | ||
| 072 | 7 | |a 913 |x Regionální geografie |2 Konspekt | |
| 080 | |a 913:910.4 |2 MRF | ||
| 080 | |a 17.023.34 |2 MRF | ||
| 080 | |a 159.923.5-022.211 |2 MRF | ||
| 080 | |a 913(541.31) |2 MRF | ||
| 080 | |a 913(569.4) |2 MRF | ||
| 080 | |a 913(491.1) |2 MRF | ||
| 080 | |a (541.31) |2 MRF | ||
| 080 | |a (569.4) |2 MRF | ||
| 080 | |a (491.1) |2 MRF | ||
| 080 | |a (0:82-992) |2 MRF | ||
| 100 | 1 | |a Tronečková, Kristýna |7 jo20191059854 |4 aut | |
| 245 | 1 | 0 | |a Cesty za štěstím. |p Bhútán, Izrael, Island / |c Kristýna Tronečková |
| 246 | 3 | 0 | |a Bhútán, Izrael, Island |
| 250 | |a 1. vydání | ||
| 264 | 1 | |a V Brně : |b CPress, |c 2019 | |
| 300 | |a 223 stran : |b barevné ilustrace, mapy, portréty ; |c 23 cm | ||
| 336 | |a text |b txt |2 rdacontent | ||
| 337 | |a bez média |b n |2 rdamedia | ||
| 338 | |a svazek |b nc |2 rdacarrier | ||
| 520 | 2 | |a Kniha české cestovatelky zobrazuje nejen každodenní život ve třech zemích - v Bhútánu, Izraeli a Islandu. |b Autorka při svém putování nejen pozorovala, ale také rozmlouvala s místními lidmi, a to nejen o jejich každodenním životě v dané zemi a místě, ale také o zvycích, konkrétním obsahu a směřování jejich životů, spiritualitě a duchovnu, etických hodnotách, kultuře a náboženství, momentálních pocitech a rozpoložení, mezikulturních a mezinárodních odlišnostech. Rovněž o jejich definici štěští a o tom, jak jsou různé pohledy na život vnímány v každé společnosti a každým člověkem individuálně a osobitě. | |
| 648 | 7 | |a 21. století |7 ch460559 |2 czenas | |
| 650 | 0 | 7 | |a cesty a pobyt |7 ph137578 |z Bhútán |y 21. století |2 czenas |
| 650 | 0 | 7 | |a cesty a pobyt |7 ph137578 |z Izrael |y 21. století |2 czenas |
| 650 | 0 | 7 | |a cesty a pobyt |7 ph137578 |z Island |y 21. století |2 czenas |
| 650 | 0 | 7 | |a štěstí |7 ph127882 |2 czenas |
| 650 | 0 | 7 | |a pozitivní myšlení |7 ph124475 |2 czenas |
| 650 | 0 | 9 | |a travels and stays |z Bhutan |y 21st century |2 eczenas |
| 650 | 0 | 9 | |a travels and stays |z Israel |y 21st century |2 eczenas |
| 650 | 0 | 9 | |a travels and stays |z Iceland |y 21st century |2 eczenas |
| 650 | 0 | 9 | |a happiness |2 eczenas |
| 650 | 0 | 9 | |a positive thinking |2 eczenas |
| 651 | 7 | |a Bhútán |7 ge138158 |x reálie |2 czenas | |
| 651 | 7 | |a Izrael |7 ge129403 |x reálie |2 czenas | |
| 651 | 7 | |a Island |7 ge129393 |x reálie |2 czenas | |
| 651 | 9 | |a Bhutan |x description and travel |2 eczenas | |
| 651 | 9 | |a Israel |x description and travel |2 eczenas | |
| 651 | 9 | |a Iceland |x description and travel |2 eczenas | |
| 655 | 7 | |a cestopisy |7 fd131956 |2 czenas | |
| 655 | 9 | |a books of travels |2 eczenas | |
| 787 | 0 | 8 | |i Z cyklu: |t Cesty za štěstím |g 1 |
| 900 | |a ABA001 |b 21 | ||
| 928 | 9 | |a Albatros Media - CPress | |
| 044 | |a xr | ||
| 910 | |a RBIT002 | ||
| 998 | |d 202578 |a https://core.palmknihy.cz/api/books/202578/cover?q0y1eh |b https://core.palmknihy.cz/api/books/202578/cover/400?q0y1eh |c https://core.palmknihy.cz/api/books/202578/cover/50?q0y1eh |e 3999-12-31 |g 224 |i 9788026428503 |k https://core.palmknihy.cz/api/books/202578/preview.pdf |l |q 49 |r 1 |s https://www.palmknihy.cz/kniha/202578 |t ebook |y 2019 |z 0 |v Cesty za štěstím |w 1 | ||
| 999 | |d 311111 | ||